Quizzes
Events
Quiz Creation
Community
Videos
Private Events
Remove Ads
Sign In
Join for FREE
Feedback
Dark Mode
Quiz Categories
Sports
Geography
Music
Movies
Television
Just For Fun
Miscellaneous
History
Literature
Language
Science
Gaming
Entertainment
Religion
Holiday
For Kids
Quiz Lab
Recent
Popular Today
Quiz Kudos Today
Editor Picks
Curator Picks
Quizzes by...
Day
Popularity
Type
Ratings
Length
Year
Community
Subscriptions
Recent Discussions
Orange Saloon
Badges
Playlists
Quests
Create
Leaderboards
Showdown
Live 5
Trivia Bingo
Activity
Puzzle Library
Sporcle Events
Private Events
Virtual Trivia
Globe League
Become a Host
Pub Owners
SporcleCon
Opinionation
Our Games
Videos
Blog
Mobile Apps
Partnerships
Remove Ads and Go Orange
Feedback
Language
Vocabulary
Begins and Ends
Definition
Spanish
French
German
Italian
Chinese
Latin
Translation
Japanese
Language
Vocabulary
Begins and Ends
Definition
Spanish
French
German
Italian
Chinese
Latin
Translation
Japanese
Random Quiz
Search Sporcle
×
Quiz Lab
Quiz Lab
Language
Asia
Type in answers that appear in a list
Type in answers that appear in a list
Classic
Best Score? Go Orange.
Official Languages of Asia Stats
Can you name the official languages of Asia?
By
MathijsP
12m
60 Questions
2,624 Plays
2,624 Plays
2,624 Plays
Comments
Comments
Give Quiz Kudos
Give Quiz Kudos
-
- Ratings
hide this ad
Replay
Link that replays current quiz
Next Quiz
Link to next quiz in quiz playlist
You Got
0%
They Got
Avg Score
54%
Avg Friend Score
Upgrade to see
Score Distribution
Jump to the score distribution portion of the page
Score
0/60
Timer
12:00
0
Plays Today
Language
% Correct
Mandarin Chinese
93.6%
Arabic
93.6%
Japanese
93%
Russian
89.3%
Korean
89%
Hindi
87.9%
English
86.1%
Vietnamese
84.8%
Thai
84.3%
Malay
83.9%
Turkish
78.4%
Persian
77.9%
Bahasa Indonesia
76.4%
Khalkha Mongol
76.1%
Mongolian
75.9%
Yue
75.8%
Lao
75.7%
Hebrew
75.5%
Uzbek
75.2%
Bengali
74.9%
Kazakh
74.6%
Filipino
74.2%
Tajik
73.1%
Armenian
71.3%
Kyrgyz
70.5%
Turkmen
70.3%
Urdu
70.3%
Georgian
69.4%
Azerbaijani
67.9%
Burmese
66.5%
Language
% Correct
Tamil
65.1%
Pashto
59.5%
Nepali
57.4%
Portuguese
52.5%
Khmer
52.2%
Punjabi
49.5%
Wu
48.2%
Kurdish
38.6%
Tibetan
35.8%
Gujarati
35.4%
Telugu
34.3%
Dari
31.8%
Marathi
29%
Malayalam
28.3%
Sinhala
28.3%
Kannada
28.1%
Dzongkha
26.7%
Sanskrit
25.8%
Assamese
24.8%
Kashmiri
21.9%
Sindhi
21.2%
Dhivehi
18.3%
Xiang
18.1%
Oriya
17.9%
Hakka
17%
Tetum
16.9%
Gan
14.4%
Minnan
10.4%
Minbei
8.9%
Karakalpak
7.4%
Quiz Playlist
Details
Report
Send in Message
Add To Playlist
Classic:
Type in answers that appear in a list
Quiz Source
Last Updated: Feb 16, 2017
Quiz Scoreboard
CHALLENGE
Sign Up to Join the Scoreboard
Show All
Scores
Hide
Comments
May contain spoilers
Recently Published
Decade Duel: World Leaders
by jenniferyan
History
4m
Alphabetical 'K' Countries by Flag Minefield
by ylime102
Geography
3m
Pick 6: Fruits
by JohnFran
Miscellaneous
15s
More to Explore
Quiz From the Vault
Featured Blog Post
15 Basketball Trivia Facts You Can Be March Mad About
hide this ad
You Might Also Like...
Tags
Asia Quiz
State Quiz
official
Today's Top Quizzes in Language
Browse Language
hide this ad
Today's Top Quizzes in Asia
Browse Asia
Top Contributed Quizzes in Language
1
Spring or Fall
2
Spanish Seasons
3
Multilingual Seasons
4
Seasonal Rhymes
5
Einsilbige Reime auf Chips
6
Name the 4 Seasons in English
7
Spring or Fall?
8
Quick Pick: Seasons in Esperanto
9
Quick Pick: Prefixes for Spring
10
Rhymes With 'Spring'
Explore More
Trending Topics
NBA
Kpop
Harry Potter
Anime
Disney
Crossword
Marvel
WWE
The Office
Country
Song
Soccer
Puzzle
Pokémon
NFL
hide this ad
More By:
MathijsP
Quiz
Plays
Rating
Category
Featured
Created
Official Languages of Europe
310,867
4.46
Language
Nov 13, 2009
Daenerys' Titles
36,298
4.54
Literature
Dec 12, 2012
Song of Ice and Fire Email Addresses
26,957
4.36
Literature
Nov 4, 2012
Official Languages of South America
4,367
3.10
Language
Nov 14, 2009
Pokémon with unique type combinations
4,297
3.43
Gaming
Sep 26, 2009
Go to Creator's Profile
Score Distribution
Quiz Creator Spotlight
MathijsP
Follow
Send a Message
Quizzes Created
-
Created Quiz Play Count
-
More By This Creator
Popular Quizzes Today
1
Countries of Asia Without Outlines Minefield
2
Find the US States - No Outlines Minefield
3
Pick 6: Fruits
4
Alphabetical 'K' Countries by Flag Minefield
5
The Countries of the World
6
Find the Countries of Europe - No Outlines Minefield
7
Find the US States
8
US States
More Language Quizzes
Picture click: match the definitions to the pictures 2
Editor's Pick
Trending Quizzes
Pick 6: Mountains
Pick 6: Harry Potter
Pick 6: Flags
Pick 6: NFL Teams
Pick 6: Movie Franchises
Recently Updated
Adaptations: Name the Title
pecheneg
NWSL Teams
pecheneg
Women's Final Four Teams by Year
bhenderson79
Presidents Quartet II
eogle
Anything But Clue(do)
eogle
Anything But Oceanian Capitals
eogle
Anything But 7
eogle
Anything But Thing
eogle
Word Ladder: February 29
pecheneg
Song Title Questions
pecheneg
Trending Topics
Disney
Harry Potter
Crossword
NBA
Marvel
Kpop
Anime
WWE
Puzzle
Pokémon
The Office
Soccer
Country
NFL
Song
Your Account Isn't Verified!
In order to create a playlist on Sporcle, you need to verify the email address you used during registration. Go to your
Sporcle Settings
to finish the process.
Report this User
Report this user for behavior that violates our
Community Guidelines
.
Details:
Send Report
Go to the Sporcle.com Mobile Site →
Comments